000 01913cam a22004454i 4500
003 PE-LiUPU
005 20250731165424.0
008 160129s2011 pe grm 000 0 spa d
035 _a(Sirsi) a155846
040 _aPE-LiUPU
_bspa
_cPE-LiUPU
_erda
099 _aTT 4
_bCH755 2011
100 1 _aChoque Quispe, Efraín
_eautor
245 1 _aFactores evangelísticos, eclesiásticos y de liderazgo asociados con la permanenecia de los miembros en las iglesias de La Paz, Cochabamba y Santa Cruz en el periodo 1998-2007 /
_cEfraín Choque Quispe.
264 0 _c2011.
300 _a252 hojas
_c29 cm
336 _atext
_2rdacontent
337 _aunmediated
_2rdamedia
338 _avolume
_2rdacarrier
502 _aTesis
_b(Dr.) --
_cUniversidad Peruana Unión,
_d2011.
504 _aIncluye referencias
520 3 _aLa investigación sigue la metodología correlacional, no experimental de corte transversal. Esta metodología permite determinar la relación que existe entre los factores evangelísticos, eclesiásticos y de liderazgo con la permanencia de los miembro d ella IASD en las ciudades de La Paz, Cochabamba y Santa Cruz. Por la naturaleza del estudio, se empleó el enfoque cuantitativo y se utilizó la encuesta para recabar información de la muestra poblacional que permanecía entre los años 1998-2007.
526 _aSEG44
526 _aSEG26
526 _aP151
526 _aP150
526 _aP149
526 _aP146
526 _aP145
526 _aP126
526 _aP125
526 _aP92
526 _aP75
526 _aP74
526 _aP27
526 _aP15
650 0 4 _aAdventistas del Séptimo Día
_xFidelidad
_vBolivia
_vTesis doctorales.
596 _a1
942 _2ddc
_cTESIS
999 _aTT 4 CH755 2011
_wALPHANUM
_c8523
_iT01224
_d8523
_lCCODEBUL3
_mBUL
_q3
_r1
_sY
_tTESIS
_u2016-1-29
_xPOSGRADO
_PP94
_o.STAFF. Tesis
980 _81
_gALBERTO SANCHEZ Responsable de Automatización